00985nam a22002657a 45000010005000000030006000050050017000110080041000280200018000690400029000870500014001160820010001301000019001402450045001592500042002042600038002463000044002844900039003285050008003675200232003755210020006075210020006276500045006476500027006927853FISKH20260403142843.0250812b cb ||||| |||| 00| 0 eng d a9780439861304 aFISKHbengcFISKHdFISKH aPZ7.R4829 a813.6 aRiordan, Rick  aThe lightning thief / cBy Rick Riordan  aFirst Scholastic printing, March 2006 aNew York : bScholastic , c2005. a375 pages : billustrations ;c20 cm .  aPercy Jackson and the Olympiansv1 aR  aAfter learning that he is the son of a mortal woman and Poseidon, god of the sea, twelve-year-old Percy is sent to a summer camp for demigods like himself, and joins his new friends on a quest to prevent a war between the gods.8 a740 bLexile 8 aR bRaz-Plus  aPercy Jackson and the OlympiansvFiction aYoung adults vFiction